000 00818nam a2200205 a 4500
001 ASIN0753703831
005 20170105102922.0
008 131208s2000 xxu eng d
020 _a0753703831 (hardcover)
020 _a9780753703830 (hardcover)
040 _a0
100 1 _aReid, Major Pat.
245 1 0 _aPrisoner of war :
_bthe inside story of the pow from the ancient world to colditz and after /
_cMajor Pat Reid, Maurice Michael.
260 _a[S.l.] :
_bBounty Books,
_c2000.
300 _a192 p. ;
_c25 cm.
520 _aRecounting the personal histories of PoWs from many times and cultures, this book sheds light on a shadowy area of military history.
700 1 _aMichael, Maurice.
856 4 0 _3Amazon.com
_uhttp://www.amazon.com/exec/obidos/ASIN/0753703831/chopaconline-20
942 _2ddc
_cBK
999 _c15636
_d15636